000 00908nam a22003017a 4500
003 URS
005 20250128223509.0
008 250122b |||||||| |||| 00| 0 eng d
020 _a978-1-3503-9917-4 (HB)
020 _a978-1-3503-9916-7 (PB)
020 _a978-1-3503-9916-7 (ePDF)
020 _a978-1-3503-9918-1 (eBOOK)
040 _cURS
050 0 0 _aHV40
_b.T3711 2024
100 _aThompson, Neil
_eAuthor
245 1 0 _aUderstanding social work /
_cNeil Thompson
250 _asix edition
264 1 _aNew York :
_bBloomsbury Publishing Plc.,
_c@2024
300 _axiii, 235pages;
_billustration,
_c23cm.
336 _2 rdacontent
_a text
337 _2rdamedia
_aunmediated
338 _2 rdacarrier
_a volume
504 _ait includes references, index.
650 _2social services.
650 _2social work.
650 _2social work-practice.
942 _2lcc
_cFR
999 _c81870
_d81869